[Event "Vladimir Dvorkovich Open"]
[Site "Aktobe KAZ"]
[Date "2024.05.31"]
[Round "7.7"]
[White "Bu Xiangzhi"]
[Black "Gareev, T."]
[Result "1-0"]
[WhiteElo "2689"]
[BlackElo "2552"]
[PlyCount "93"]
[EventDate "2024.05.25"]

1. Nf3 c5 2. c4 Nc6 3. d4 cxd4 4. Nxd4 Qb6 5. Nb3 e6 6. Nc3 Nf6 7. a3 d5 8. Be3 d4 ({RR} 8... Qd8 9. cxd5 Nxd5 10. Nxd5 exd5 11. g3 Be7 12. Bg2 Bf6 13. Qxd5 Bxb2 14. Ra2 Bc3+ 15. Bd2 Bf6 16. Qxd8+ Nxd8 17. Nc5 Ne6 18. Na6 O-O 19. Bb4 Rd8 20. Rd2 Nd4 21. Nc7 Rb8 22. Nd5 Bf5 23. Rxd4 {Vidit,S (2731)-Svidler,P (2683) Nagpur IND 2023 1-0}) ({RR} 8... Qd8 9. cxd5 Nxd5 10. Nxd5 exd5 11. g3 Be7 12. Bg2 Bf6 13. Qd2 d4 14. Bxc6+ bxc6 15. Bxd4 Rb8 16. Qe3+ Be6 17. Bxf6 Qxf6 18. Nc5 Rxb2 19. O-O O-O 20. Rab1 Bh3 21. Rxb2 Qxb2 22. Rd1 h6 23. f3 {Sengupta,D (2516)-Aronyak,G (2535) Gurugram IND 2024 ½-½ (73)}) 9. Bxd4 Nxd4 10. Nxd4 e5 $146 ({RR} 10... Bc5 11. Na4 Qc7 12. Nb5 Qe5 13. Nxc5 Qxc5 14. Qd4 Qxd4 15. Nxd4 Bd7 16. e3 O-O-O 17. Nf3 Ba4 18. Ne5 Rhf8 19. Rc1 Ne4 20. Nd3 b6 21. b4 Kb8 22. f3 Nd6 23. Be2 Nf5 24. Kf2 Rd7 25. b5 {Stefansson,H (2450)-Zhuravlev,A Stockholm 1991 1-0 (42)}) 11. Nb3 Bf5 12. Na4 Qc6 13. Nd2 Rd8 14. Nc3 Bc5 15. e3 O-O 16. b4 Bd4 17. Qb3 Ng4 18. Nd5 Rfe8 19. Rd1 Qg6 20. Rc1 Qc6 21. h3 Nf6 22. Nxf6+ Qxf6 23. c5 Qg6 24. g4 Be6 25. Bc4 h5 26. exd4 exd4 27. Kd1 d3 28. Bxe6 Rxe6 29. Rc4 Qf6 30. Qc3 Qxf2 31. Rf1 Qg2 32. Rcf4 Qxh3 33. Qc4 b5 34. cxb6 axb6 35. Rxf7 Qxg4+ 36. Qxg4 hxg4 37. R7f4 Ra8 38. Nb1 Re2 39. R1f2 Rae8 40. Nc3 g3 41. Rxe2 dxe2+ 42. Nxe2 Re3 43. a4 Ra3 44. b5 Ra1+ 45. Kd2 Ra2+ 46. Kd3 Ra1 47. Rg4 1-0

[Event "ch-AUT Blitz 2024"]
[Site "Innsbruck AUT"]
[Date "2024.06.01"]
[Round "10.1"]
[White "Blohberger, Felix"]
[Black "Horvath, Dominik"]
[Result "1-0"]
[WhiteElo "2505"]
[BlackElo "2553"]
[PlyCount "93"]
[EventDate "2024.06.01"]
[EventType "blitz"]

1. Nf3 Nf6 2. b3 g6 3. Bb2 Bg7 4. g3 d5 5. c4 dxc4 6. bxc4 O-O 7. Bg2 c5 8. O-O Nc6 9. d3 Bd7 10. Nbd2 Qc8 11. Rb1 b6 12. Ne5 Nxe5 13. Bxe5 Bc6 14. a4 $146 ({RR} 14. Bxc6 Qxc6 15. Rb3 Nd7 16. Bxg7 Kxg7 17. Qa1+ Qf6 18. Ne4 Qxa1 19. Rxa1 Rfc8 20. Rab1 {½-½ (20) Salokangas,H (2275)-Kytoniemi,J (2265) Tampere 1995}) 14... Bxg2 15. Kxg2 h5 16. Nf3 Qc6 17. Kg1 Rfd8 18. Qb3 Qe6 19. Qb2 Ne8 20. Ra1 Bxe5 21. Qxe5 Qxe5 22. Nxe5 Nd6 23. Rfb1 Kg7 24. a5 bxa5 25. Rxa5 Rdc8 26. Nd7 Nf5 27. Nxc5 Nd4 28. Rb2 Nc6 29. Ra1 Nd4 30. Ne4 a5 31. Ra4 Rab8 32. Rba2 Nc6 33. Nc3 e5 34. Nb5 Rd8 35. f3 f5 36. Nc7 Kh6 37. Nd5 Rb1+ 38. Kf2 Rh1 39. Kg2 Rc1 40. Ra1 Rxa1 41. Rxa1 Ra8 42. Kf2 a4 43. Ra3 Nd4 44. Nc3 Rb8 45. Rxa4 Rb3 46. Nd1 Rb2 47. Nxb2 1-0

[Event "Titled Tue 28th May Late"]
[Site "chess.com INT"]
[Date "2024.05.28"]
[Round "5"]
[White "Grebnev, Aleksey"]
[Black "Grigoriants, S RUS"]
[Result "1-0"]
[WhiteElo "2532"]
[BlackElo "2535"]
[PlyCount "115"]
[EventDate "2024.05.28"]

1. Nf3 d5 2. e3 Nf6 3. c4 e6 4. b3 Bd6 5. Bb2 Qe7 6. d4 c6 7. Nc3 Nbd7 8. Be2 O-O 9. O-O b6 10. Qc2 Bb7 11. Rfe1 Rac8 12. e4 dxe4 13. Nxe4 Nxe4 14. Qxe4 Bb4 ({RR} 14... Nf6 15. Qh4 Ba3 16. Bc3 Bb4 17. Bxb4 Qxb4 18. Ne5 c5 19. Bd3 Rfd8 20. Bxh7+ Nxh7 21. Qe7 Rf8 22. Qxb7 cxd4 23. Nc6 Rxc6 24. Qxc6 Nf6 25. Qf3 Rd8 26. Rad1 Qa5 27. Qe2 d3 28. Qd2 Qf5 29. Re3 {Kubos,R (2082)-Caletka,R (2179) Czech Republic CZE 2025 ½-½ (42)}) 15. Rec1 $146 ({RR} 15. Red1 Nf6 16. Qc2 Bd6 17. Re1 Rfd8 18. Rad1 Bb4 19. Rf1 Bd6 20. Rfe1 Bb4 21. Rf1 Bd6 {½-½ (21) Ruck,R (2572)-Michalik,P (2562) Ruzomberok 2014}) 15... Nf6 16. Qh4 Ba3 17. Bxa3 Qxa3 18. c5 Ba6 19. Bxa6 Qxa6 20. Ne5 Rfd8 21. Rc2 b5 22. h3 h6 23. Re1 Rd5 24. Rc3 Qxa2 25. Rg3 Kf8 26. Rxg7 Kxg7 27. Re3 Rxe5 28. dxe5 Nh7 29. Rg3+ Kh8 30. Qf4 Qb1+ 31. Kh2 Qf5 32. Qd4 Ng5 33. f3 Rg8 34. Rg4 h5 35. Rf4 Qc2 36. Qg1 Qe2 37. Kh1 Qxe5 38. Qc1 Rg7 39. Qd2 Qxc5 40. Rh4 Nh7 41. Qd8+ Qf8 42. Qd4 Qe7 43. Rxh5 Kg8 44. Rc5 Nf8 45. Rxc6 Qg5 46. Rc2 a5 47. Qc3 Qf5 48. Rd2 a4 49. bxa4 bxa4 50. Qb4 Qg5 51. Rc2 Qf5 52. Rd2 Qg5 53. Rc2 Qf5 54. Rc8 Qg5 55. Rxf8+ Kh7 56. Qe4+ Qg6 57. Qh4+ Qh6 58. Rh8+ 1-0

[Event "Titled Tue 28th May Late"]
[Site "chess.com INT"]
[Date "2024.05.28"]
[Round "8"]
[White "Grebnev, Aleksey"]
[Black "Svane, R."]
[Result "1-0"]
[WhiteElo "2532"]
[BlackElo "2635"]
[PlyCount "127"]
[EventDate "2024.05.28"]

1. Nf3 d5 2. e3 e6 3. c4 Nf6 4. Nc3 Bd6 5. b3 O-O 6. Bb2 Re8 7. Rc1 a6 8. d4 b6 9. Bd3 ({RR} 9. cxd5 exd5 10. Bd3 Bb7 11. O-O Nbd7 12. Ne2 Ne4 13. Ng3 g6 14. Rc2 h5 15. Ne2 Qe7 16. Qa1 Rac8 17. Nf4 h4 18. h3 g5 19. Ne2 f6 20. a4 a5 21. Nc3 Nf8 22. Nd2 Kg7 23. Bxe4 dxe4 {Povshednyi,I (2685)-Oparin,G (2971) Chess.com 2024 0-1 (45)}) 9... Bb7 10. O-O Nbd7 11. Ne2 $146 ({RR} 11. Re1 Ne4 12. Ne2 Qe7 13. Qc2 Rac8 14. Ng3 f5 15. cxd5 Bxg3 16. hxg3 exd5 17. Ne5 c5 18. Qe2 Nxe5 19. dxe5 b5 20. Red1 Qf7 21. g4 fxg4 22. Bxe4 dxe4 23. Qxg4 Bd5 24. Rd2 Rc6 25. Rcd1 Rg6 {Sjugirov,S (2696)-Sarana,A (2670) Chess.com INT 2022 0-1 (107)}) ({RR} 11. Re1 Ne4 12. Qc2 f5 13. Ne2 c5 14. cxd5 exd5 15. Ba1 Qe7 16. Ng3 Qf8 17. Nh4 g6 18. Nf3 h6 19. Rcd1 Rac8 20. dxc5 bxc5 21. Ne2 Kh7 22. Nc3 Ndf6 23. h3 Qe7 24. Nd2 d4 25. Ncb1 Nxf2 {Colbow,C (2422)-Boehme,S (2275) Karlsruhe GER 2025 ½-½ (58)}) 11... dxc4 12. Bxc4 b5 13. Bd3 c5 14. dxc5 Bxc5 15. Ng3 Qe7 16. Qc2 Rac8 17. Qb1 h6 18. Ne4 Bxe4 19. Bxe4 Ba3 20. Bb7 Rb8 21. Bc6 Rec8 22. Bxd7 Nxd7 23. Nd4 Bxb2 24. Qxb2 Qf6 25. Qa3 e5 26. Nf3 Qe6 27. h3 Nf8 28. Rfd1 Rxc1 29. Rxc1 Ng6 30. Qc5 Rd8 31. Qa7 Rd7 32. Rc7 Rd1+ 33. Kh2 Ra1 34. Qa8+ Kh7 35. Rc6 Qd5 36. Rxa6 Qd1 37. Qe4 Qh1+ 38. Kg3 Qd1 39. Nxe5 Qd8 40. Nxg6 Qg5+ 41. Qg4 fxg6 42. Qxg5 hxg5 43. Ra5 Kh6 44. Kg4 b4 45. Ra4 Rb1 46. Rxb4 Rb2 47. a4 Rxf2 48. Kg3 Re2 49. Kf3 Ra2 50. Rb5 Kh5 51. a5 Kh4 52. b4 g4+ 53. hxg4 g5 54. g3+ Kh3 55. Rxg5 g6 56. Rxg6 Kh2 57. Rh6+ Kg1 58. g5 Rf2+ 59. Kg4 Kg2 60. g6 Rf8 61. g7 Rf7 62. g8=Q Rf2 63. Qd5+ Kg1 64. Rh1# 1-0

[Event "Titled Tue 4th Jun Early"]
[Site "chess.com INT"]
[Date "2024.06.04"]
[Round "9"]
[White "Sjugirov, S."]
[Black "Tristan, L."]
[Result "1-0"]
[WhiteElo "2661"]
[BlackElo "2527"]
[PlyCount "77"]
[EventDate "2024.06.04"]

1. Nf3 d5 2. g3 Nf6 3. Bg2 Bf5 4. O-O e6 5. c4 c6 6. Qb3 Qb6 7. d3 Nbd7 8. Be3 Qxb3 9. axb3 a6 10. Bd4 h6 11. Bc3 Be7 12. Nbd2 O-O 13. b4 Bh7 14. Nb3 dxc4 15. dxc4 Ne4 16. Na5 Nxc3 17. bxc3 Rab8 $146 ({RR} 17... Bf6 18. Rac1 c5 19. Rfd1 Nb6 20. Nxb7 Nxc4 21. Nxc5 a5 22. Nd4 Rac8 23. Nd7 Nb2 24. Rd2 axb4 25. Nxf6+ gxf6 26. Rxb2 bxc3 27. Rb3 c2 28. Nc6 Rc7 29. Rc3 Rfc8 30. Kf1 Kf8 31. Ke1 e5 32. Bd5 {Vastrukhin,O (2401)-Wadsworth,M (2416) Chess.com INT 2021 1-0 (34)}) 18. Rfd1 Rfd8 19. c5 Bf6 20. Nd4 Ne5 21. Rd2 Rd7 22. Rad1 Rbd8 23. h3 Ng6 24. Kf1 Ne7 25. Ke1 Nd5 26. Bxd5 exd5 27. Rc1 Re8 28. e3 Be4 29. h4 g5 30. hxg5 hxg5 31. Ke2 g4 32. Rdd1 Kg7 33. Nab3 Rh8 34. Nd2 Bg6 35. Rh1 Rdd8 36. Rcg1 Be5 37. Rh4 Rxh4 38. gxh4 f5 39. Ne6+ 1-0

[Event "Titled Tue 4th Jun Late"]
[Site "chess.com INT"]
[Date "2024.06.04"]
[Round "7"]
[White "Shankland, S."]
[Black "Holt, C."]
[Result "1-0"]
[WhiteElo "2683"]
[BlackElo "2540"]
[PlyCount "57"]
[EventDate "2024.06.04"]

1. Nf3 d5 2. e3 Bg4 3. c4 c6 4. cxd5 cxd5 5. Qb3 Qc7 6. Nc3 Bxf3 7. gxf3 e6 8. d4 Nc6 9. Bd2 Nf6 10. Rc1 Be7 11. Bd3 O-O 12. f4 Rfc8 13. Rg1 $146 ({RR} 13. Qd1 Qd7 14. Qf3 a6 15. O-O Rc7 16. Kh1 Rac8 17. Rg1 Na5 18. f5 Nc4 19. fxe6 fxe6 20. Rc2 b5 21. Qh3 b4 22. Ne2 Bd6 23. f3 Qf7 24. Bc1 Qh5 25. Qg2 g6 26. Ng3 Qh4 27. Nf1 Nh5 {Roth,J (2219)-Stuermer,R (2189) Wuerttemberg 2018 1-0 (39)}) 13... Na5 14. Qc2 Nc4 15. Ke2 Qd7 16. Rg3 b5 17. Rcg1 Bf8 18. Qb1 b4 19. Nd1 Rab8 20. Bc1 b3 21. Nc3 Qc7 22. f3 Qa5 23. a4 Na3 24. bxa3 Qxc3 25. Bb2 Qc6 26. Qf1 g6 27. Qg2 Kh8 28. Rh3 Qxa4 29. Bxg6 1-0

[Event "TCh-FRA Top 16 GpA 2024"]
[Site "Chartres FRA"]
[Date "2024.06.04"]
[Round "6.25"]
[White "Amin, B."]
[Black "Parligras, M."]
[Result "1-0"]
[WhiteElo "2682"]
[BlackElo "2560"]
[PlyCount "71"]
[EventDate "2024.05.30"]
[WhiteTeam "CLICHY-Echecs-92"]
[BlackTeam "GRASSE Echecs"]

1. Nf3 d5 2. g3 Nd7 3. d4 Nb6 4. Nc3 Bf5 5. Nh4 Bg4 6. h3 Bh5 7. g4 ({RR} 7. Ng2 e6 8. Nf4 Bg6 9. Nxg6 hxg6 10. a3 f5 11. Qd3 Nf6 12. Bg5 Be7 13. e3 Ne4 14. Bxe7 Qxe7 15. Bg2 O-O-O 16. Ne2 Nc4 17. Nf4 Rh6 18. b3 Ncd6 19. Qe2 Nc3 20. Qd3 Nce4 21. Qe2 Nc3 {Deac,B (3028)-Grigoriants,S (2908) Chess.com 2024 ½-½}) ({RR} 7. Qd3 e6 8. e4 Nf6 9. Bg2 Be7 10. exd5 Nfxd5 11. Nxd5 Nxd5 12. Nf3 Bg6 13. Qb5+ c6 14. Qxb7 O-O 15. c3 Qa5 16. Qb3 c5 17. O-O Bf6 18. dxc5 Qxc5 19. Qa4 Rab8 20. Nd4 Rfc8 21. Nb3 Qb6 {Svane,R (2621)-Abdusattorov,N (2766) chess.com INT 2025 ½-½ (65)}) ({RR} 7. Ng2 e6 8. Nf4 Bg6 9. Nxg6 hxg6 10. Bg2 f5 11. O-O Nf6 12. a4 a5 13. Qd3 Ne4 14. Nxe4 dxe4 15. Qb5+ Kf7 16. c3 Bd6 17. f3 Bxg3 18. Bd2 e3 19. Bxe3 Nd5 20. Bd2 Bf4 21. e4 Be3+ {Amin,B (2667)-Ashraf,A (2383) Abu Dhabi UAE 2024 ½-½ (34)}) 7... e6 8. Ng2 Bg6 9. Nf4 Nf6 $146 ({RR} 9... Bd6 10. Nxg6 hxg6 11. Bg2 Bb4 12. Qd3 Nf6 13. Qb5+ Nfd7 14. Qxb4 a5 15. Qb5 Nc4 16. Qb3 O-O 17. e3 c5 18. Ne2 b5 19. Qd3 Rc8 20. b3 Nd6 21. O-O Qh4 22. c3 g5 23. Ng3 b4 24. cxb4 {Daneshvar,B (2591)-Nihal,S (2688) Samarkand UZB 2023 1-0 (56)}) 10. Bg2 c5 11. e3 cxd4 12. Nxg6 hxg6 13. exd4 Bb4 14. Qd3 O-O 15. O-O Qc7 16. Ne2 Rac8 17. c3 Bd6 18. b3 Nbd7 19. f4 Qc6 20. g5 Ne8 21. h4 Be7 22. Bd2 Nd6 23. Ng3 b5 24. Qe2 Rfe8 25. h5 gxh5 26. g6 h4 27. f5 Bf6 28. fxe6 Rxe6 29. Qh5 hxg3 30. Bxd5 Qb6 31. Bxe6 fxe6 32. Qh7+ Kf8 33. Bg5 Nf5 34. Rxf5 exf5 35. Re1 Bxd4+ 36. Kg2 1-0

[Event "TCh-FRA Top 16 Haute 2024"]
[Site "Chartres FRA"]
[Date "2024.06.09"]
[Round "4.25"]
[White "Tabatabaei, M."]
[Black "Karthik, V4."]
[Result "1-0"]
[WhiteElo "2713"]
[BlackElo "2590"]
[PlyCount "81"]
[EventDate "2024.06.06"]
[WhiteTeam "TREMBLAY EN FRANCE"]
[BlackTeam "GRASSE Echecs"]

1. Nf3 d5 2. g3 Nf6 3. Bg2 c5 4. O-O g6 5. d3 Bg7 6. Nbd2 Nc6 7. e4 O-O 8. Re1 e6 9. c3 a5 10. a4 Nd7 $146 ({RR} 10... b6 11. exd5 exd5 12. Nf1 Be6 13. d4 Ne4 14. Ne5 Nxe5 15. dxe5 Bxe5 16. f3 Nxc3 17. bxc3 Bxc3 18. Bd2 Bxa1 19. Qxa1 d4 20. Bf4 Bd5 21. Qb2 Bc6 22. Qb3 Bd5 23. Qb2 Bc6 24. Qb3 Bd5 25. Qb2 {Sanduleac,V (2396)-Aitbayev,A (2425) Tromsoe 2014 ½-½}) ({RR} 10... b6 11. exd5 exd5 12. Nf1 h6 13. Bf4 Nh5 14. Ne5 Bb7 15. Nxc6 Bxc6 16. Be5 Bxe5 17. Rxe5 Qd6 18. d4 Rfe8 19. Qd2 Kg7 20. Rae1 Nf6 21. Qf4 cxd4 22. Qxd4 Qc5 23. Qf4 Qd6 24. b3 Rxe5 25. Qxe5 {Fressinet,L (2717)-Vitiugov,N (2742) Dubai 2014 ½-½ (46)}) ({RR} 10... b6 11. exd5 exd5 12. Nf1 h6 13. Bf4 Nh5 14. Ne5 Bb7 15. Nxc6 Bxc6 16. Be3 Qd7 17. d4 c4 18. Nd2 Rae8 19. Nf3 Qd6 20. Ne5 Kh7 21. b3 Ba8 22. bxc4 dxc4 23. Bxa8 Rxa8 24. Nxc4 Qc7 25. Qb3 {Aliyev,R (2311)-Atakishiyev,E (2361) Baku AZE 2024 1-0 (79)}) 11. exd5 exd5 12. Qb3 Ndb8 13. Nb1 h6 14. h4 b6 15. Na3 Be6 16. Nb5 Na7 17. Ne5 Kh7 18. c4 Bxe5 19. cxd5 Nxb5 20. axb5 Bxg3 21. fxg3 Bf5 22. Qc4 Nd7 23. d6 Qf6 24. Bxa8 Rxa8 25. Re7 Be6 26. Qf4 Qxf4 27. Bxf4 g5 28. hxg5 hxg5 29. Bxg5 Kg6 30. Bh4 a4 31. Kf2 Ra5 32. Re1 Bg4 33. Re8 Kg7 34. Ke3 Bf5 35. g4 Be6 36. Kf4 c4 37. R1xe6 fxe6 38. Re7+ Kg6 39. Rxe6+ Kf7 40. Re7+ Kg6 41. dxc4 1-0

[Event "TCh-FRA Top 16 Basse 2024"]
[Site "Chartres FRA"]
[Date "2024.06.08"]
[Round "3.25"]
[White "Alonso Rosell, A."]
[Black "Cheng, Bo"]
[Result "1-0"]
[WhiteElo "2556"]
[BlackElo "2583"]
[PlyCount "67"]
[EventDate "2024.06.06"]
[WhiteTeam "Club 608 d'Echecs PARIS"]
[BlackTeam "Les Tours des Hauts de France, SAINT QUENTIN"]

1. Nf3 d5 2. g3 g6 3. Bg2 Bg7 4. O-O e5 5. d3 Ne7 6. e4 Nbc6 7. Nbd2 O-O 8. Re1 h6 9. Rb1 $146 ({RR} 9. b3 d4 10. Bb2 Bg4 11. h3 Be6 12. Qe2 Qd7 13. Kh2 a5 14. a4 Nb4 15. Nc4 Nec6 16. Ba3 Bf6 17. Qd2 Kg7 18. Nxa5 Rxa5 19. Bxb4 Nxb4 20. Qxb4 Rfa8 21. Rab1 b5 22. axb5 Be7 23. Qd2 Qxb5 {Garcia Orus,F-Honfi,K The Hague 1966 0-1 (57)}) ({RR} 9. c3 a5 10. a4 Be6 11. exd5 Bxd5 12. Nf1 Qd7 13. Ne3 Be6 14. Nc4 f6 15. Na3 Rad8 16. d4 exd4 17. Nxd4 Nxd4 18. Qxd4 Nd5 19. c4 Nb4 20. Qxd7 Bxd7 21. Bxb7 g5 22. Bf3 f5 23. Rb1 Bxa4 {Amin,B (2662)-Najer,E (2679) Doha 2016 0-1 (58)}) ({RR} 9. c3 Re8 10. a4 a5 11. b3 Be6 12. Ba3 f5 13. Qc2 Nc8 14. Nh4 Kh7 15. exf5 gxf5 16. Re2 e4 17. dxe4 dxe4 18. Rae1 Nd6 19. Bxd6 cxd6 20. Nxe4 fxe4 21. Bxe4+ Kg8 22. Bxc6 bxc6 23. Rxe6 Rxe6 {Rohit,S (2266)-Patel,M (2025) chess.com INT 2025 1-0}) 9... a5 10. b3 Be6 11. a3 a4 12. b4 d4 13. Bb2 Na7 14. c4 dxc3 15. Bxc3 Qxd3 16. Bxe5 Bxe5 17. Nxe5 Qc3 18. Ndf3 Qxa3 19. Qd2 f6 20. Nd4 Rad8 21. Nxg6 Nxg6 22. Qxh6 Rxd4 23. Qxg6+ Kh8 24. Qh6+ Kg8 25. Qg6+ Kh8 26. e5 Qd3 27. Qh6+ Kg8 28. exf6 Rf7 29. Bh3 Rd6 30. Bxe6 Rxe6 31. Rxe6 Qxb1+ 32. Kg2 Rd7 33. Qh5 Rd8 34. Re7 1-0

[Event "TCh-FRA Top 16 Basse 2024"]
[Site "Chartres FRA"]
[Date "2024.06.09"]
[Round "4.3"]
[White "Nihal, Sarin"]
[Black "Sonis, Francesco"]
[Result "1-0"]
[WhiteElo "2669"]
[BlackElo "2579"]
[PlyCount "81"]
[EventDate "2024.06.06"]
[WhiteTeam "MULHOUSE Philidor"]
[BlackTeam "MARSEILLE Echecs"]

1. Nf3 Nf6 2. g3 d5 3. Bg2 g6 4. c4 c6 5. b3 Bg7 6. Bb2 O-O 7. O-O b6 8. cxd5 cxd5 9. Nc3 ({RR} 9. d3 Bb7 10. Nbd2 Nbd7 11. Rc1 Rc8 12. Rxc8 Qxc8 13. Qa1 Qb8 14. Ne5 Bh6 15. f4 Nxe5 16. Bxe5 Qd8 17. Nf3 Nd7 18. Bd4 Qb8 19. Bh3 f5 20. Ne5 Qd6 21. Rc1 Rc8 22. Rxc8+ Bxc8 23. Bg2 Bb7 {Krallis,C (2442)-Finokaliotis,G (2072) Aghios Kirykos 2021 ½-½ (68)}) 9... Bb7 10. Rc1 Nc6 11. Nb5 Qd7 $146 ({RR} 11... Ne4 12. Bxg7 Kxg7 13. Rc2 a6 14. Qa1+ Kg8 15. Nbd4 Nb4 16. Rcc1 Qd6 17. a3 Nc6 18. Nxc6 Bxc6 19. Qe5 Rfd8 20. Qxd6 Rxd6 21. d3 Nc5 22. b4 Ne6 23. Ne5 Bb7 24. f4 f6 25. Nf3 Rc8 26. Rxc8+ {Rachela,M (2338)-Kizilkaya,M (2235) Szombathely 2008 1-0 (61)}) 12. d3 Rfc8 13. Qd2 e5 14. Ng5 Ne8 15. f4 h6 16. Nf3 a6 17. Nc3 exf4 18. Na4 Bxb2 19. Qxb2 Qd8 20. gxf4 Ne7 21. Qd4 Rxc1 22. Rxc1 Rc8 23. Rxc8 Nxc8 24. Bh3 Ned6 25. Bxc8 Nxc8 26. Kf2 Bc6 27. Nc3 Ne7 28. Qf6 Qd7 29. Nd4 b5 30. Nd1 Bb7 31. Ne3 Bc8 32. b4 Qc7 33. h4 h5 34. Kf3 Qd7 35. Kf2 Qc7 36. a3 Kf8 37. Nf3 Bf5 38. Qh8+ Ng8 39. Nxd5 Qd8 40. Qd4 Be6 41. Nc3 1-0

[Event "TCh-FRA Top 16 Basse 2024"]
[Site "Chartres FRA"]
[Date "2024.06.09"]
[Round "4.9"]
[White "Korobov, A."]
[Black "Visakh, N R"]
[Result "1-0"]
[WhiteElo "2659"]
[BlackElo "2526"]
[PlyCount "55"]
[EventDate "2024.06.06"]
[WhiteTeam "L'Echiquier Chalonnais, CHALONS-EN-CHAMPAGNE"]
[BlackTeam "Club d'Echecs METZ Fischer"]

1. Nf3 {Caruana,Fabiano} d5 2. e3 Nf6 3. b3 e6 4. Bb2 c5 5. d4 Be7 6. Bd3 O-O 7. O-O b6 8. Nbd2 Bb7 ({RR} 8... Ba6 9. Bxa6 Nxa6 10. Qe2 Nb4 11. c4 Rc8 12. a3 Nc6 13. Rfc1 cxd4 14. Nxd4 Nxd4 15. Bxd4 Qd7 16. cxd5 Nxd5 17. Nf3 Rxc1+ 18. Rxc1 Bxa3 19. Ra1 Bd6 20. Qa6 Bb8 21. Ne5 Qc8 22. Qxc8 Rxc8 23. Nd7 {Menahem,A (2133)-Kleiman,J (2399) chess.com INT 2024 ½-½ (67)}) 9. dxc5 ({RR} 9. Ne5) 9... Bxc5 10. Qe2 Ne4 $146 ({RR} 10... Nbd7 11. c4 ({RR} 11. e4 dxe4 12. Nxe4 Be7 ({RR} 12... Nxe4 13. Bxe4 Bxe4 14. Qxe4 Nf6) 13. Rad1 ({RR} 13. Neg5 Nc5 14. Rad1 Nxd3 15. Rxd3 Qc7) 13... Qc7 ({RR} 13... Nxe4 14. Bxe4 Bxe4 15. Qxe4 Qc7) 14. Neg5 Nc5 15. Be5 Qc6 16. Bxf6 gxf6 17. Bxh7+ Kg7 18. Be4 Nxe4 19. Nd4 fxg5 20. Nxc6 Bxc6) ({RR} 11. a3 Re8) 11... dxc4 ({RR} 11... Qe7 12. cxd5 Nxd5 13. a3 a5 14. Ne4 N5f6 15. Nfd2) 12. Nxc4 Qe7 13. a3 a5 14. Nd4 ({RR} 14. e4 Rfd8 15. e5 Nd5 16. g3 Nf8) 14... Rfd8 15. Rfd1 Rac8 ({RR} 15... Nf8 16. Ne5) 16. Rac1 ({RR} 16. Nb5 Nf8 17. b4 axb4 18. axb4 Bxb4 19. Nxb6) ({RR} 16. Nc2 e5 ({RR} 16... Nf8 17. b4 axb4 18. axb4) 17. e4) 16... Nf8 17. Qe1 Ng6 18. Bf1 Ng4 19. Nb5 ({RR} 19. h3 N4e5 20. Nxe5 Nxe5) 19... Bc6 ({RR} 19... Qg5 20. h3 ({RR} 20. Nbd6 Bxd6 21. Nxd6 N4e5) 20... N4e5 21. Nxe5 Nxe5 22. Bxe5 ({RR} 22. Kh1 Nd3 23. Rxd3 Rxd3 24. b4 axb4 25. axb4 Rb3 26. bxc5 Rxb5) 22... Qxe5) 20. a4 Bd5 ({RR} 20... Qg5 21. h3 N4e5 22. Nxe5 Nxe5 23. Bxe5 Qxe5 24. Na7) 21. Bd4 Bxc4 ({RR} 21... Bxd4 22. Rxd4 ({RR} 22. Nxd4 Qc7) 22... N6e5 23. Nxb6 Rxc1 24. Qxc1 Qh4) 22. Rxc4 Bxd4 23. Rdxd4 ({RR} 23. exd4 Nf6 24. g3 Qd7 25. Bg2 Ne7) 23... Rxc4 24. bxc4 ({RR} 24. Rxc4) 24... Nf6 ({RR} 24... N4e5) 25. Qd2 {Carlsen,M (2853)-Karjakin,S (2769) New York 2016 CBM 176 [Caruana,Fabiano] 0-1 (52)} ({RR} 25. c5 bxc5 26. Rxd8+ Qxd8) {RR} 25... Rd7 26. c5) 11. Rad1 Qe7 12. c4 Nxd2 13. Qxd2 dxc4 14. Qc3 f6 15. Qxc4 Nc6 16. Qh4 g6 17. Bc4 a6 18. Nd2 Bd6 19. Ne4 Be5 20. Ba3 Qxa3 21. Rd7 Ne7 22. Rxb7 b5 23. Bxe6+ Kg7 24. f4 Bb2 25. Rd1 Rad8 26. Nd6 Rf7 27. Bxf7 Rxd6 28. Bd5 1-0

[Event "Cluj GP Rapid TB 2024"]
[Site "Cluj ROU"]
[Date "2024.06.14"]
[Round "1"]
[White "Nihal, Sarin"]
[Black "Balog, I1."]
[Result "1-0"]
[WhiteElo "2669"]
[BlackElo "2627"]
[PlyCount "134"]
[EventDate "2024.06.14"]
[EventType "rapid"]

1. Nf3 Nf6 2. b3 g6 3. Bb2 Bg7 4. e3 O-O 5. d4 d5 6. Be2 c5 7. dxc5 Qa5+ 8. Nbd2 Ne4 ({RR} 8... Qxc5 9. O-O Qc7 10. c4 Nc6 11. Rc1 dxc4 12. Bxc4 Bg4 13. b4 Qb6 14. b5 Na5 15. Bd4 Qd8 16. Be2 Rc8 17. Rxc8 Qxc8 18. h3 Bh5 19. Qa1 b6 20. Rc1 Qe6 21. g4 Bxg4 22. hxg4 Qxg4+ 23. Kf1 {Nihal,S (2687)-Ghoreishi Amiri,S (2215) chess.com INT 2025 1-0 (44)}) 9. Bxg7 Kxg7 10. O-O $146 ({RR} 10. Qc1 Nxd2 11. Qxd2 Qxc5 12. Qd4+ Qxd4 13. Nxd4 a6 14. c4 dxc4 15. Bxc4 b5 16. Bd5 Ra7 17. Rc1 Rd7 18. Be6 Rxd4 19. Bxc8 Rd6 20. Rc7 Rfd8 21. O-O a5 22. g3 Rc6 23. Rxc6 Nxc6 24. Bb7 Nb4 {Miranda Neto,J (2111)-Goncalves,I (2225) Florianopolis 2017 ½-½}) ({RR} 10. Qc1 Nc6 11. a3 Qxc5 12. Nxe4 dxe4 13. Qb2+ f6 14. Nd2 Qg5 15. g4 Qe5 16. O-O-O Qxb2+ 17. Kxb2 f5 18. gxf5 Bxf5 19. h4 Rad8 20. h5 g5 21. h6+ Kf6 22. Nf1 Rxd1 23. Bxd1 Bg6 24. Ng3 Ne5 {Fedoseev,V (2718)-Vidit,S (2664) Hengshui 2019 1-0 (63)}) 10... Nc3 11. Qe1 Qxc5 12. Nb1 Nxe2+ 13. Qxe2 b6 14. Rd1 Rd8 15. c4 Nc6 16. Qb2+ f6 17. cxd5 Rxd5 18. Rc1 Qd6 19. Nc3 Rd3 20. Rd1 Bb7 21. Rxd3 Qxd3 22. Rd1 Qf5 23. e4 Qe6 24. h3 Rd8 25. Rd5 Qc8 26. Qd2 Rxd5 27. Nxd5 Qd7 28. Qc3 Qd6 29. Ne3 Qb4 30. Qd3 Bc8 31. Qd5 Qc5 32. Qd2 Be6 33. Nc2 Bf7 34. Ne3 Be6 35. Nc2 Bf7 36. Nce1 Qb4 37. Qc2 Nd4 38. Nxd4 Qxd4 39. Nf3 Qd6 40. Qc3 e5 41. Nd2 Be6 42. Kf1 Kf7 43. Ke1 Ke7 44. Nf1 Kd7 45. Ne3 Qc6 46. Qd3+ Qd6 47. Qa6 Qc7 48. Qa4+ Ke7 49. Qa3+ Kf7 50. Qb2 Qc5 51. Qd2 Ke7 52. f3 a5 53. Ke2 Qb5+ 54. Ke1 Qc5 55. Ke2 Qb5+ 56. Kf2 Qc5 57. Kg3 Qd6 58. Qc1 Qc5 59. Qe1 Qd4 60. Kh2 Qc5 61. Qd2 Qd6 62. Qf2 Qc5 63. Qe1 Qd6 64. Nf1 Qc5 65. Qd2 Qd6 66. Qh6 Bf7 67. Ne3 Ke8 1-0

[Event "Titled Tue 11th Jun Early"]
[Site "chess.com INT"]
[Date "2024.06.11"]
[Round "3"]
[White "Nakamura, Hi"]
[Black "Samunenkov, Ihor"]
[Result "1-0"]
[WhiteElo "2794"]
[BlackElo "2532"]
[PlyCount "67"]
[EventDate "2024.06.11"]

1. Nf3 d5 2. e3 c5 3. b3 Nf6 4. Bb2 g6 5. d4 cxd4 6. Nxd4 Bg7 7. Be2 ({RR} 7. Nd2 O-O 8. N4f3 Nc6 9. c4 Bg4 10. Be2 Qc7 11. O-O Rfd8 12. Qc1 Rac8 13. h3 Bf5 14. cxd5 Rxd5 15. Bc4 Rdd8 16. Ng5 e6 17. e4 Qf4 18. exf5 Qxg5 19. fxe6 Qxd2 20. exf7+ Kh8 21. f8=Q+ Bxf8 {Piliposyan,R (2416)-Ser,D (2005) chess.com INT 2025 1-0}) 7... O-O 8. O-O Bd7 ({RR} 8... Re8 9. c4 e5 10. Nf3 Nc6 11. cxd5 Nxd5 12. Nc3 Nxc3 13. Bxc3 e4 14. Nd4 Nxd4 15. Bxd4 Bxd4 16. Qxd4 Qxd4 17. exd4 Be6 18. Rac1 Red8 19. Rfd1 Rd7 20. Bc4 Rad8 21. Bxe6 fxe6 22. Kf1 Rxd4 23. Rxd4 {Nakamura,H (2794)-Paravyan,D (2610) chess.com INT 2024 ½-½ (81)}) 9. Nd2 $146 ({RR} 9. c4 Nc6 10. Bf3 dxc4 11. Nxc6 Bxc6 12. Bxc6 bxc6 13. bxc4 Qxd1 14. Rxd1 Ne4 15. Bxg7 Kxg7 16. Rc1 Rfd8 17. Nc3 Nxc3 18. Rxc3 Rd2 19. Ra3 Rc2 20. Ra4 e6 21. h4 Rb8 22. Rxa7 Rbb2 23. Rf1 Rxc4 {Nakamura,H (2736)-Giri,A (2764) Chess.com INT 2020 ½-½ (31)}) 9... Nc6 10. N4f3 Bg4 11. h3 Bxf3 12. Bxf3 Rc8 13. c4 e6 14. Rc1 Re8 15. a3 a5 16. Rc2 Re7 17. Qa1 Ne8 18. cxd5 exd5 19. Rd1 Rd7 20. Bg4 f5 21. Bf3 Nd4 22. Rxc8 Nxf3+ 23. Nxf3 Qxc8 24. Bxg7 Nxg7 25. Qe5 Qc5 26. a4 Qd6 27. Qc3 b6 28. Nd4 Qc5 29. Qd2 h6 30. Rc1 Qd6 31. Rc6 Qb4 32. Qxb4 axb4 33. Rxg6 Rb7 34. Nxf5 1-0